Industrial R&D management, the modern issues
Sparad:
| Huvudupphovsman: | |
|---|---|
| Materialtyp: | Bok |
| Språk: | Undetermined |
| Publicerad: |
New York
M. Dekker
1982
|
| Ämnen: | |
| Taggar: |
Lägg till en tagg
Inga taggar, Lägg till första taggen!
|
| Thư viện lưu trữ: | Trung tâm Học liệu Trường Đại học Cần Thơ |
|---|
| LEADER | 00503nam a2200169Ia 4500 | ||
|---|---|---|---|
| 001 | CTU_79155 | ||
| 008 | 210402s9999 xx 000 0 und d | ||
| 082 | |a 658.5 | ||
| 082 | |b S663 | ||
| 100 | |a Smith, W. Novis | ||
| 245 | 0 | |a Industrial R&D management, the modern issues | |
| 245 | 0 | |c W. Novis Smith, E. Gerald Meyer, Alan R. Hirsig | |
| 260 | |a New York | ||
| 260 | |b M. Dekker | ||
| 260 | |c 1982 | ||
| 650 | |a Industrial management,Research | ||
| 980 | |a Trung tâm Học liệu Trường Đại học Cần Thơ | ||